Quarterdeck Desquiew/X.
Aplikácie Quarterdecku z prostredia DOS a Windows do UNIXu a UNIXové aplikácie do prostredia DOS a Windows. Výhody prostredia Desquiew/X pri zvýšení výkonnosti, jeho základné schopnosti. Sieťový profil Desquiew/X, jeho rozdiely oproti iným prostrediam. X aplikácia a Microsoft Windows na Desquiew/X....
Guardado en:
| Autor principal: | |
|---|---|
| Formato: | Capítulo de libro |
| Lenguaje: | checo |
| Materias: | |
| Etiquetas: |
Sin Etiquetas, Sea el primero en etiquetar este registro!
|
MARC
| LEADER | 00000naa a2200000 4500 | ||
|---|---|---|---|
| 001 | r011867 | ||
| 005 | 20220831090430.4 | ||
| 041 | 0 | |a cze | |
| 044 | |a [CS] | ||
| 245 | 1 | 0 | |a Quarterdeck Desquiew/X. |c P. Maleňák |
| 520 | |a Aplikácie Quarterdecku z prostredia DOS a Windows do UNIXu a UNIXové aplikácie do prostredia DOS a Windows. Výhody prostredia Desquiew/X pri zvýšení výkonnosti, jeho základné schopnosti. Sieťový profil Desquiew/X, jeho rozdiely oproti iným prostrediam. X aplikácia a Microsoft Windows na Desquiew/X. Konfigurácia Desquiew/X. | ||
| 610 | 2 | 0 | |a softvér |
| 610 | 2 | 0 | |a zabezpečenie programové |
| 610 | 2 | 0 | |a Desquiew/X |
| 610 | 2 | 0 | |a UNIX |
| 610 | 2 | 0 | |a Windows |
| 610 | 2 | 0 | |a MS DOS |
| 610 | 2 | 0 | |a programovanie |
| 610 | 2 | 0 | |a programy aplikačné |
| 610 | 2 | 0 | |a výkonnosť |
| 100 | 1 | |a Maleňák, P. | |